| 000 | 01882nam0a2200361 4500 | ||
|---|---|---|---|
| 001 | RU\NLR\bibl\66117 | ||
| 005 | 20260405120040.0 | ||
| 010 |
_a5-87331-035-1 _91000 |
||
| 021 |
_aRU _b99-31566 _91546 |
||
| 035 | _a(NLR Aleph) 000064496 | ||
| 090 |
_a352956 _c352956 |
||
| 100 | _a20000105d1999 |||y0rusy50 ca | ||
| 101 | 0 | _arus | |
| 102 | _aRU | ||
| 105 | _aa ||||||||| | ||
| 200 | 1 |
_aМир смоленских лесов _f[Потылев В.Г., к.с.-х.н., Тихонов А.С., проф., д.с.-х.н., Макаров Ю.И., д.с.-х.н. и др. _gРед. Н. Кеженов] |
|
| 210 |
_aСмоленск _cСмол. упр. лесами _cПОСОХ _d1999 |
||
| 215 |
_a535,[1] с., [10] л. цв. ил. _cпортр. _d22 |
||
| 300 | _aНа авантит.: К 200-летию учреждения лесного Департамента России | ||
| 601 | 0 | 2 |
_aСмоленское упр. лесами _2psbo _7ca |
| 606 | 0 |
_aЛеса _yСмоленская область _91666502 _3RU\NLR\auth\66738785 |
|
| 686 | _aП342.6(2Р344) | ||
| 701 | 1 |
_aПотылев _bВ. Г. _gВладимир Григорьевич _4070 |
|
| 701 | 1 |
_4070 _8rus _7ca _aТихонов _bА. С. _cд-р с.-х. наук _gАнатолий Семенович _3RU\NLR\auth\7728265 _911296 |
|
| 701 | 1 |
_4070 _8rus _7ca _aМакаров _bЮ. И. _cд-р с.-х. наук, пчеловодство _f1938-2015 _gЮрий Иванович _3RU\NLR\AUTH\7746316 _929251 |
|
| 702 | 1 |
_aКеженов _bН. Н. _gНиколай Николаевич _4340 |
|
| 801 | 0 |
_aRU _bNLR _c20000105 _gPSBO |
|
| 801 | 1 |
_aRU _bNLR _c20000105 |
|
| 852 |
_aNLR _j99-5/4363 |
||
| 942 | _cBOOK | ||
| 980 | _aNB | ||